<?xml version="1.0" encoding="UTF-8"?>
<collection xmlns="http://www.loc.gov/MARC21/slim">
 <record>
  <leader>01328pamaa2200265   4500</leader>
  <controlfield tag="001">0000046691</controlfield>
  <controlfield tag="005">20130815090000.0</controlfield>
  <controlfield tag="008">100211                             eng  </controlfield>
  <datafield tag="020" ind1="0" ind2="0">
   <subfield code="a">0781736390 (pbk.) </subfield>
  </datafield>
  <datafield tag="090" ind1="0" ind2="0">
   <subfield code="a">QM23.2 </subfield>
   <subfield code="b">MOO 2006</subfield>
  </datafield>
  <datafield tag="100" ind1="1" ind2="0">
   <subfield code="a">Moore </subfield>
  </datafield>
  <datafield tag="245" ind1="1" ind2="0">
   <subfield code="a">Clinically oriented anatomy  </subfield>
   <subfield code="c">Keith L. Moore, Arthur F. Dalley II; </subfield>
   <subfield code="f">in collaboration with, and with content provided by Anne M.R. Agur; </subfield>
   <subfield code="f">in collaboration with, and with content provided by Anne M.R. Agur; </subfield>
   <subfield code="f">with the developmental assistance and dedication of Marion E. Moore.</subfield>
  </datafield>
  <datafield tag="250" ind1="0" ind2="0">
   <subfield code="a">5th ed.</subfield>
  </datafield>
  <datafield tag="260" ind1="0" ind2="0">
   <subfield code="a">Philadelphia: </subfield>
   <subfield code="b">Lippincott Williams &amp; Wilkins, </subfield>
   <subfield code="c">2006.</subfield>
  </datafield>
  <datafield tag="300" ind1=" " ind2=" ">
   <subfield code="a">xxxiii, 1209 p.: </subfield>
   <subfield code="b">ill. (chiefly col.); </subfield>
   <subfield code="c">28 cm.</subfield>
  </datafield>
  <datafield tag="500" ind1="0" ind2="0">
   <subfield code="a">Includes 2 CD-ROM titled &quot;Clinically oriented anatomy / Keith L. Moore, Arthur F. Dalley II ; in collaboration with, and with content provided by Anne M.R. Agur ; with the developmental assistance and dedication of Marion E. Moore&quot;</subfield>
  </datafield>
  <datafield tag="501" ind1="0" ind2="0">
   <subfield code="a">FMHS</subfield>
  </datafield>
  <datafield tag="504" ind1="0" ind2="0">
   <subfield code="a">Includes bibliographical references and index</subfield>
  </datafield>
  <datafield tag="505" ind1="0" ind2="0">
   <subfield code="a">Thorax -- Abdomen -- Pelvis and perineum -- Back -- Lower limb -- Upper limb -- Head -- Neck -- Cranial nerves</subfield>
  </datafield>
  <datafield tag="650" ind1="0" ind2="0">
   <subfield code="a">Anatomy, Pathological </subfield>
  </datafield>
  <datafield tag="650" ind1="0" ind2="0">
   <subfield code="a">Anatomy </subfield>
  </datafield>
  <datafield tag="650" ind1="0" ind2="0">
   <subfield code="a">Human anatomy </subfield>
  </datafield>
  <datafield tag="700" ind1="1" ind2="1">
   <subfield code="a">Agur, </subfield>
   <subfield code="h">A.M.R. </subfield>
  </datafield>
  <datafield tag="700" ind1="1" ind2="1">
   <subfield code="a">Dalley, </subfield>
   <subfield code="h">Arthur F. </subfield>
  </datafield>
  <datafield tag="901" ind1=" " ind2=" ">
   <subfield code="u">www.lww.com</subfield>
  </datafield>
 </record>
</collection>
